Kỹ thuật di truyền và ứng dụng

Wedi'i Gadw mewn:
Manylion Llyfryddiaeth
Prif Awdur: Lê Đình Lương
Fformat: Llyfr
Iaith:Vietnamese
Cyhoeddwyd: Đại học quốc gia Hà Nội 2003
Tagiau: Ychwanegu Tag
Dim Tagiau, Byddwch y cyntaf i dagio'r cofnod hwn!
Thư viện lưu trữ: Mạng thư viện Đại học Đà Nẵng
LEADER 00673nam a2200253 4500
001 000021948
003 18396
005 20150424080418.0
008 150424s2003 viesd
020 |c 36500 
041 0 |a vie 
082 1 4 |a 572,8  |b LÊ-L 
100 1 |a Lê Đình Lương 
245 1 0 |a Kỹ thuật di truyền và ứng dụng  |c Lê Đình Lương, Quyền Đình Thi 
260 |b Đại học quốc gia Hà Nội  |c 2003 
300 |a tr.  |c cm. 
OWN |a LSP 
999 |a From the UDN01 
TYP |a Monograph 
TYP |a Printed language 
980 |a Mạng thư viện Đại học Đà Nẵng